Olivia Rodrigo 2021 - Statystyki

Ogólne statystyki
  • Ten quiz został rozwiązany 206 razy
  • Średni wynik to 8 z 11
Statystyki odpowiedzi
Odpowiedź % Poprawnych
deja vu
88%
traitor
88%
good 4 u
83%
drivers license
80%
happier
79%
brutal
78%
jealousy jealousy
74%
hope ur ok
63%
1 step forward 3 steps back
61%
enough for you
60%
favourite crime
60%
Nie znaleziono quizów pasujących do podanych kryteriów
Rozkład punktacji
Procent ludzi z każdym wynikiem
Percentyl według liczby udzielonych odpowiedzi
Twoja historia wyników
Nie rozwiązałeś tego quizu